000 00629nam a2200169 4500
999 _c17153
_d17153
008 220607b ||||| |||| 00| 0 eng d
022 _a0732-8435
082 _aDPer 657.05 C33 Jan - Apr 2011, v. 81 n 1 - 4
100 _aSingleton, Ron.
_945565
245 _aThe increase in transparency requirements for corporate tax position/
_cRon Singleton and Steve Smith.
260 _aNew York:
_bThe New York State Society of CPA,
_c2011.
300 _aV81 n3, pages 38-41:
_b color illustrations;
_c28 cm.
500 _aThe CPA Journal.
650 _aTaxation.
_945566
700 _aSmith, Steve.
_eAuthor.
_945567
942 _2ddc
_cPER